000
00386nam a22001697a 4500
003
MPLRDC
005
20220104125516.0
008
210129b ||||| |||| 00| 0 eng d
082
_a
857.9 LZK c.4
100
_a
隆中客
245
_a
水晶劫
_c
250
_a
再版
260
_a
_b
武林出版社
_c
1982
300
_b
平
650
_a
武侠小说
942
_c
BK
_o
857.9 LZK c.4
999
_c
27914
_d
27904